000 00316nam a2200121Ia 4500
008 220217s9999||||xx |||||||||||||| ||und||
082 _a621.381
100 _aPooja publications
245 0 _aIntegreted circuits-II: lab manual
260 _aPooja publications
_bBangalore
300 _b25
650 _aCIRCUITRY
999 _c166428
_d166428